000 01207cam a2200181 4500
001 ##L133193
008 060420n2006 000 0 eng u
035 _a(Sirsi) u133193
041 0 _aeng
110 2 _aEngland and Wales
_bLaw Commission
_93302
245 0 0 _aHousing
_bproportionate dispute resolution
_ban issues paper
260 _c2006
520 _aThis issues paper contains proposals for a more coherent system of resolving housing disputes, with the aim of making the process simpler, more effective, fairer and proportionate. It suggests use of a triage plus process, diagnosing individual and wider housing problems, referring them to appropriate resolution methods, and collecting information about how such problems are resolved, use of mediation, ombudsmen or managerial techniques, and, where necessary, of a court or tribunal. The consultation period ends on 11 July 2006.
590 _aIKA250406
690 _aPROPERTY-RESIDENTIAL PROPERTY-RESIDENTIAL PROPERTY TENURE-LEASEHOLD RESIDENTIAL PROPERTY
856 4 1 _uhttps://www.justice.gov.uk/lawcommission/docs/Housing_Proportionate_Dispute_Resolution_issues_paper.pdf
_zView the item free of charge at www.justice.gov.uk
942 _n0
999 _c105351
_d105351